Call of duty par images - Statistiques

Statistiques générales
  • Ce quiz a été pris 1 031 fois
  • Le résultat moyen est 10 sur 16
Statistiques - réponses
Par images Réponse % Correct
Black Ops 3
84%
Black Ops 4
83%
Black Ops 2
81%
Black Ops 1
80%
Cold war
72%
World War 2
72%
Modern Warfare 2
71%
Warzone
69%
Modern Warfare 3 (2023)
65%
Modern Warfare 3
63%
Advanced Warfare
57%
Call of Duty mobile
56%
World at War
45%
Ghosts
43%
Call of Duty 2
31%
Call of Duty : Le jour de gloire
3%
Aucun quiz correspondant
Distribution des résultats
% des personnes avec chaque résultat
Percentile par nombre de réponses
Votre historique - résultats
Vous n’avez pas pris ce quiz